Central Library OPAC University of Rajshahi

পঞ্চবিংশতি / (Record no. 64432)

MARC details
000 -LEADER
fixed length control field 00772nam a2200217 a 4500
001 - CONTROL NUMBER
control field 64432
003 - CONTROL NUMBER IDENTIFIER
rucl marc code BD-RjUL
005 - DATE AND TIME OF LATEST TRANSACTION
control field 20211209081317.0
008 - FIXED-LENGTH DATA ELEMENTS--GENERAL INFORMATION
fixed length control field 170214s1967 bg ||||| |||| 00| 0 eng d
035 ## - SYSTEM CONTROL NUMBER
System control number (BD-RjUL)64562
040 ## - CATALOGING SOURCE
Original cataloging agency BD-RjUL
Language of cataloging ben
Transcribing agency BD-RjUL
041 ## - LANGUAGE CODE
Language code of text/sound track or separate title ben
082 ## - DEWEY DECIMAL CLASSIFICATION NUMBER
Edition number 23
Classification number 891.443
Author mark and year ISP 1967
100 ## - MAIN ENTRY--PERSONAL NAME
Personal name ইসলাম, আকাদ্দস সিরাজুল
9 (RLIN) 185782
245 ## - TITLE STATEMENT
Title পঞ্চবিংশতি /
Statement of responsibility, etc. আকাদ্দস সিরাজুল ইসলাম
260 ## - PUBLICATION, DISTRIBUTION, ETC. (IMPRINT)
Place of publication, distribution, etc. ঢাকা :
Name of publisher, distributor, etc. হাফিজ বুক সেন্টার,
Date of publication, distribution, etc. ১৯৬৭.
300 ## - PHYSICAL DESCRIPTION
Pagination ২০২ পৃ. ;
Size সেমি.
650 ## - SUBJECT ADDED ENTRY--TOPICAL TERM
Topical term or geographic name as entry element বাংলা উপন্যাস
9 (RLIN) 170454
Topical term or geographic name as entry element Bengali Fiction
9 (RLIN) 170455
942 ## - ADDED ENTRY ELEMENTS (KOHA)
Source of classification or shelving scheme Dewey Decimal Classification
Koha item type Books
Holdings
Lost status Source of classification or shelving scheme Damaged status Not for loan Collection code Permanent Location Current Location Shelving location Date acquired Source of acquisition Cost, normal purchase price Total Checkouts Full call number Date last seen Copy number Koha item type
  Dewey Decimal Classification   Not For Loan Fiction Central Library, University of Rajshahi Central Library, University of Rajshahi Reading Room 20/05/1970 Nawrose kitalistan 5.00   B 891.443 ISP 1967 14/02/2017 C-1 Books